<?xml version="1.0" encoding="UTF-8"?>
<record
    xmlns:xsi="http://www.w3.org/2001/XMLSchema-instance"
    xsi:schemaLocation="http://www.loc.gov/MARC21/slim http://www.loc.gov/standards/marcxml/schema/MARC21slim.xsd"
    xmlns="http://www.loc.gov/MARC21/slim">

  <leader>01365nab a2200241uuc4500</leader>
  <controlfield tag="001">1317802</controlfield>
  <controlfield tag="005">20250226082858.0</controlfield>
  <controlfield tag="008">130228e20121201                    eng  </controlfield>
  <datafield tag="035" ind1=" " ind2=" ">
    <subfield code="a">1317802</subfield>
  </datafield>
  <datafield tag="040" ind1=" " ind2=" ">
    <subfield code="c">comduadb</subfield>
  </datafield>
  <datafield tag="041" ind1=" " ind2=" ">
    <subfield code="a">eng</subfield>
  </datafield>
  <datafield tag="100" ind1="1" ind2="0">
    <subfield code="a">Noveras, Janette</subfield>
    <subfield code="4">aut</subfield>
    <subfield code="e">aut</subfield>
    <subfield code="9">669565</subfield>
  </datafield>
  <datafield tag="245" ind1="1" ind2="0">
    <subfield code="a">Use of the flooded forest by fish assemblages in lakes of the National Park of Anavilhanas (Amazonas, Brazil)</subfield>
  </datafield>
  <datafield tag="520" ind1="3" ind2=" ">
    <subfield code="a">Avaliamos a diversidade e a distribui&#xE7;&#xE3;o de esp&#xE9;cies de peixes em dois habitats: floresta alagada e &#xE1;gua aberta de lagos do rio Negro. Tr&#xEA;s amostragens foram realizadas em quatro lagos do Arquip&#xE9;lago de Anavilhanas, em 2009 e 2010. Em geral, a diversidade de esp&#xE9;cies foi maior na floresta alagada e durante a noite. A an&#xE1;lise de correspond&#xEA;ncia indicou que predadores estavam mais ativos a noite nos dois habitats. On&#xED;voros, filtradores e detrit&#xED;voros foram mais capturados durante o dia.</subfield>
  </datafield>
  <datafield tag="650" ind1=" " ind2=" ">
    <subfield code="a">Comunidades de peces</subfield>
    <subfield code="9">29468</subfield>
  </datafield>
  <datafield tag="650" ind1=" " ind2=" ">
    <subfield code="a">Peces - Brasil</subfield>
    <subfield code="9">185634</subfield>
  </datafield>
  <datafield tag="650" ind1=" " ind2="7">
    <subfield code="a">Lagos</subfield>
    <subfield code="2">lemb</subfield>
    <subfield code="9">23926</subfield>
  </datafield>
  <datafield tag="650" ind1=" " ind2="7">
    <subfield code="a">Peces</subfield>
    <subfield code="x">H&#xE1;bitat</subfield>
    <subfield code="2">lemb</subfield>
    <subfield code="9">157217</subfield>
  </datafield>
  <datafield tag="700" ind1="1" ind2="0">
    <subfield code="a">Yamamoto, Kedma Cristina</subfield>
    <subfield code="4">aut</subfield>
    <subfield code="e">aut</subfield>
    <subfield code="9">416515</subfield>
  </datafield>
  <datafield tag="700" ind1="1" ind2="0">
    <subfield code="a">Freitas, Carlos E.C.</subfield>
    <subfield code="4">aut</subfield>
    <subfield code="e">aut</subfield>
    <subfield code="9">648694</subfield>
  </datafield>
  <datafield tag="773" ind1="0" ind2=" ">
    <subfield code="t">Acta Amazonica (Manaus)</subfield>
    <subfield code="g">Volumen 42, N&#xFA;mero 04, Diciembre 2012, 561-566</subfield>
    <subfield code="w">(CO-MdUADB)198142</subfield>
    <subfield code="x">0044-5967</subfield>
    <subfield code="0">88128</subfield>
    <subfield code="9">660233</subfield>
    <subfield code="o">0971982</subfield>
  </datafield>
  <datafield tag="942" ind1=" " ind2=" ">
    <subfield code="c">ARIMP</subfield>
  </datafield>
  <datafield tag="999" ind1=" " ind2=" ">
    <subfield code="c">638449</subfield>
    <subfield code="d">638449</subfield>
  </datafield>
</record>
